[Event "AUTO-MASTER-2228"]
[Site "http://www.queenalice.com/game.php?id=1334793"]
[Date "2015.1.14"]
[Round "1"]
[White "dadge"]
[Black "dyingstar"]
[Result "0-1"]
[WhiteElo "2133"]
[BlackElo "2087"]

1. e4 e5 2. Nf3 Nc6 3. Bb5 a6 4. Ba4 Nf6 5. O-O Nxe4 6. d4 b5 7. Bb3 d5 8. dxe5
Be6 9. Nbd2 Nc5 10. c3 Be7 11. Bc2 d4 12. cxd4 Nxd4 13. Nxd4 Qxd4 14. Re1 Nd3
15. Bxd3 Qxd3 16. Nf3 Qg6 17. Qe2 Bh3 18. Qf1 Rd8 19. Bf4 Bg4 20. Re3 Bc5 21.
Rc3 Bb4 22. Rb3 c5 23. Nh4 Qe4 24. Bg3 Be2 25. Qc1 Rd1+ 26. Qxd1 Bxd1 27. Rxd1
O-O 28. Rbd3 c4 0-1

[Event "AUTO-MASTER-2228"]
[Site "http://www.queenalice.com/game.php?id=1334795"]
[Date "2015.1.14"]
[Round "1"]
[White "Corvidae"]
[Black "dyingstar"]
[Result "1-0"]
[WhiteElo "1976"]
[BlackElo "2039"]

1. d4 d5 2. c4 e6 3. Nc3 c6 4. e3 Nf6 5. Nf3 Nbd7 6. cxd5 exd5 7. a3 Bd6 8. Bd3
O-O 9. O-O Re8 10. Re1 Ne4 11. Bxe4 dxe4 12. Nd2 1-0

[Event "AUTO-MASTER-2730"]
[Site "http://www.queenalice.com/game.php?id=1529453"]
[Date "2018.6.2"]
[Round "1"]
[White "dyingstar"]
[Black "Anusha"]
[Result "1-0"]
[WhiteElo "2035"]
[BlackElo "2175"]

1. d4 d5 2. c4 c6 3. Nf3 Nf6 4. e3 Bg4 5. Qb3 Qb6 6. Nc3 Bxf3 7. gxf3 e6 8. e4
Qxb3 9. axb3 dxe4 10. fxe4 Bb4 11. Bg2 Nbd7 12. e5 Ng8 13. O-O Ne7 14. Na2 Ba5
15. b4 Bb6 16. c5 Bd8 17. Nc3 Nf5 18. Rd1 Bc7 19. b5 O-O 20. bxc6 bxc6 21. Bxc6
Rad8 22. Rxa7 Bxe5 23. Rxd7 Nxd4 24. Bb5 Rxd7 25. Bxd7 Rd8 26. c6 1-0

[Event "AUTO-MASTER-2730"]
[Site "http://www.queenalice.com/game.php?id=1529470"]
[Date "2018.6.2"]
[Round "1"]
[White "dyingstar"]
[Black "Constante"]
[Result "1-0"]
[WhiteElo "2009"]
[BlackElo "2251"]

1. d4 Nf6 2. c4 e6 3. g3 c5 4. d5 exd5 5. cxd5 d6 6. Nc3 g6 7. Bg2 Bg7 8. Nf3
O-O 9. O-O Re8 10. Nd2 a6 11. a4 Nbd7 12. h3 Ne5 13. f4 Nh5 14. fxe5 Nxg3 15.
Rf3 Bxe5 16. Nc4 Bxc3 17. Rxg3 Be5 18. Nxe5 Rxe5 19. e4 Qh4 20. Qf3 f5 21. Bf4
Rxe4 22. Bg5 Rxa4 23. Bxh4 Rxa1+ 24. Kh2 Bd7 25. Qh5 Re8 26. Rxg6+ 1-0

[Event "AUTO-MASTER-2730"]
[Site "http://www.queenalice.com/game.php?id=1529471"]
[Date "2018.6.2"]
[Round "1"]
[White "Constante"]
[Black "dyingstar"]
[Result "0-1"]
[WhiteElo "2131"]
[BlackElo "2057"]

1. g3 g6 2. Bg2 Bg7 3. d4 d5 4. Nf3 Nf6 5. O-O O-O 6. c4 c6 7. b3 dxc4 8. bxc4
c5 9. e3 Nc6 10. Bb2 Qb6 11. Bc3 Ne4 12. Qc2 Nxc3 13. Nxc3 cxd4 14. Rab1 Nb4 15.
Qa4 dxc3 16. Rxb4 Qc5 17. Qb3 a5 18. Rb5 a4 19. Qxc3 Qxb5 20. Qxg7+ Kxg7 21.
cxb5 Ra5 22. Rb1 Bf5 23. Rb4 Rc8 24. Bf1 Rc1 25. Kg2 Bh3+ 26. Kxh3 Rxf1 27. Kg2
Ra1 28. Nd2 Rxa2 29. Nc4 Ra8 30. Nb6 Ra7 31. Nc8 Ra5 32. Nb6 a3 33. Nc4 Ra8 34.
Kf3 Rxf2+ 35. Kxf2 a2 0-1

[Event "AUTO-MASTER-2730"]
[Site "http://www.queenalice.com/game.php?id=1529472"]
[Date "2018.6.2"]
[Round "1"]
[White "dyingstar"]
[Black "Artking"]
[Result "1-0"]
[WhiteElo "2088"]
[BlackElo "2068"]

1. d4 Nf6 2. c4 c6 3. Nf3 d6 4. g3 Nbd7 5. Nc3 g6 6. Bg2 Bg7 7. O-O O-O 8. e4 e5
9. h3 Qe8 10. Be3 a6 11. dxe5 dxe5 12. Qc2 Nh5 13. Rad1 f5 14. exf5 gxf5 15.
Rfe1 Qf7 16. Ng5 Qg6 17. g4 fxg4 18. Be4 Qe8 19. Bd5+ 1-0

[Event "AUTO-MASTER-2730"]
[Site "http://www.queenalice.com/game.php?id=1529473"]
[Date "2018.6.2"]
[Round "1"]
[White "Artking"]
[Black "dyingstar"]
[Result "0-1"]
[WhiteElo "1968"]
[BlackElo "2076"]

1. Nf3 Nf6 2. c4 g6 3. d4 Bg7 4. Nc3 O-O 5. e4 d6 6. Bd3 Bg4 7. h3 Bxf3 8. Qxf3
Nc6 9. Be3 Nd7 10. Ne2 Nde5 11. dxe5 Nxe5 12. Qg3 Nxd3+ 13. Kf1 Nxb2 14. Rb1
Nxc4 15. Bc1 Qd7 16. Rxb7 Nb6 17. Qa3 Qc8 18. Rxb6 axb6 19. Qd3 Rxa2 20. g4 Qb7
21. h4 Qc6 22. Kg2 Rfa8 23. Be3 R8a3 0-1

[Event "AUTO-MASTER-2730"]
[Site "http://www.queenalice.com/game.php?id=1544066"]
[Date "2018.9.29"]
[Round "2"]
[White "dyingstar"]
[Black "NimbleKnight"]
[Result "1-0"]
[WhiteElo "2114"]
[BlackElo "2175"]

1. d4 Nf6 2. c4 e6 3. g3 d5 4. Nf3 Bb4+ 5. Bd2 a5 6. Bg2 O-O 7. O-O dxc4 8. Bg5
b5 9. Ne5 Ra7 10. Nc3 Bxc3 11. bxc3 Bb7 12. e4 h6 13. Bxf6 Qxf6 14. f4 Qe7 15.
f5 Nd7 16. Nxd7 Qxd7 17. f6 g6 18. Qd2 Kh7 19. Rf4 c6 20. Rh4 e5 21. Qxh6+ Kg8
22. Qg7# 1-0

[Event "AUTO-MASTER-2730"]
[Site "http://www.queenalice.com/game.php?id=1544067"]
[Date "2018.9.29"]
[Round "2"]
[White "NimbleKnight"]
[Black "dyingstar"]
[Result "0-1"]
[WhiteElo "2152"]
[BlackElo "2128"]

1. e4 e5 2. Nf3 Nc6 3. Bb5 a6 4. Ba4 Nf6 5. O-O Nxe4 6. d4 b5 7. Bb3 d5 8. dxe5
Be6 9. Nbd2 Nc5 10. c3 Be7 11. Bc2 d4 12. cxd4 Nxd4 13. Nxd4 Qxd4 14. Nf3 Qxd1
15. Rxd1 O-O 16. Be3 Rfd8 17. Rac1 h6 18. h3 Rxd1+ 19. Rxd1 Na4 20. Bxa4 bxa4
21. a3 Rb8 22. Bd4 c5 23. Bc3 h5 24. Rd2 g6 25. Nh2 Bg5 26. Rd6 Bc1 27. Rxa6
Bxb2 28. Bd2 Bxe5 29. Rxa4 Rb1+ 30. Nf1 c4 31. Rb4 Ra1 32. a4 c3 33. Be3 c2 34.
f4 Bd6 35. Rb2 Bc5 36. Bxc5 c1=Q 37. Rf2 Qxc5 38. a5 Rxf1+ 39. Kxf1 Qc1+ 40. Ke2
Bc4+ 41. Kf3 Qc3+ 42. Ke4 f5# 0-1

[Event "AUTO-MASTER-2730"]
[Site "http://www.queenalice.com/game.php?id=1544068"]
[Date "2018.9.29"]
[Round "2"]
[White "dyingstar"]
[Black "CCapivara"]
[Result "1-0"]
[WhiteElo "2117"]
[BlackElo "2169"]

1. d4 d6 2. Nf3 Nf6 3. c4 c6 4. g3 Bg4 5. Bg2 Nbd7 6. Nc3 e5 7. O-O Be7 8. h3
Bh5 9. Nh4 O-O 10. Nf5 Re8 11. Nxe7+ Qxe7 12. g4 Bg6 13. e4 Rad8 14. d5 cxd5 15.
cxd5 a6 16. Be3 b5 17. f3 h5 18. Rc1 Rc8 19. Qd2 Rc4 20. Ne2 Rec8 21. Rxc4 Rxc4
22. g5 Nh7 23. h4 f6 24. b3 Rc8 25. Bh3 fxg5 26. hxg5 Rf8 27. Be6+ Kh8 28. Ng3
Bf7 29. Nf5 Qd8 30. Bxf7 Rxf7 31. g6 Rxf5 32. exf5 Nhf6 33. Rc1 e4 34. Bg5 Ne5
35. Bxf6 gxf6 36. Qh6+ Kg8 37. Qh7+ Kf8 38. g7+ 1-0

[Event "AUTO-MASTER-2730"]
[Site "http://www.queenalice.com/game.php?id=1544069"]
[Date "2018.9.29"]
[Round "2"]
[White "CCapivara"]
[Black "dyingstar"]
[Result "0-1"]
[WhiteElo "2202"]
[BlackElo "2102"]

1. e4 e5 2. f4 d5 3. Nf3 exf4 4. exd5 Nf6 5. Bb5+ c6 6. dxc6 Nxc6 7. Qe2+ Be7 8.
O-O O-O 9. Bxc6 bxc6 10. d4 Re8 11. Bxf4 Ba3 12. Qd3 Bxb2 13. Nbd2 Bxa1 14. Rxa1
Nd5 15. Bg3 Re3 16. Qc4 Rc3 17. Qe2 Bf5 18. Rf1 Bxc2 19. Ne5 f6 20. Nec4 Qd7 21.
Rf3 Re8 22. Qf2 Bd3 23. h3 Re2 24. Rxd3 Rxf2 25. Rxc3 Rxd2 0-1

[Event "AUTO-MASTER-2730"]
[Site "http://www.queenalice.com/game.php?id=1544070"]
[Date "2018.9.29"]
[Round "2"]
[White "dyingstar"]
[Black "yamato"]
[Result "0-1"]
[WhiteElo "2122"]
[BlackElo "2243"]

1. d4 Nf6 2. c4 c5 3. d5 b5 4. cxb5 a6 5. bxa6 Bxa6 6. Nc3 d6 7. g3 Nbd7 8. Bg2
g6 9. Nf3 Bg7 10. O-O O-O 11. Rb1 Qc7 12. b3 Rfb8 13. Qc2 Ne8 14. Bd2 Nb6 0-1

[Event "AUTO-MASTER-2730"]
[Site "http://www.queenalice.com/game.php?id=1544071"]
[Date "2018.9.29"]
[Round "2"]
[White "yamato"]
[Black "dyingstar"]
[Result "1-0"]
[WhiteElo "2234"]
[BlackElo "2131"]

1. d4 Nf6 2. Nf3 g6 3. c4 Bg7 4. Nc3 O-O 5. e4 d6 6. Be2 e5 7. dxe5 dxe5 8. Bg5
Nbd7 9. Nd2 c6 10. Qc2 Qe7 11. O-O 1-0

[Event "AUTO-MASTER-2942"]
[Site "http://www.queenalice.com/game.php?id=1606587"]
[Date "2020.4.8"]
[Round "1"]
[White "victorbush2"]
[Black "dyingstar"]
[Result "0-1"]
[WhiteElo "1977"]
[BlackElo "2165"]

1. d4 Nf6 2. Nc3 g6 3. Nf3 Bg7 4. b3 O-O 5. Bb2 d5 6. e3 c5 7. Be2 cxd4 8. exd4
Nc6 9. O-O Be6 10. Re1 Rc8 11. h3 Bf5 12. Bd3 Bxd3 13. Qxd3 e6 14. Rad1 a6 15.
a3 b5 16. Ra1 Qc7 17. b4 Nd7 18. Ne2 Nb6 19. Bc1 e5 20. dxe5 Nxe5 21. Nxe5 Bxe5
22. Ra2 Rfe8 23. Kf1 Qc4 24. Qxc4 Rxc4 25. Ng1 Re4 26. Rxe4 dxe4 27. Ne2 Rc8 28.
f4 Bg7 29. Be3 Nd5 30. Kf2 Rc4 31. g4 f5 32. gxf5 gxf5 33. Bd2 Bf6 34. a4 Nxb4
35. Bxb4 Rxb4 36. axb5 axb5 37. Ra5 Rb2 38. Ke3 Rxc2 39. Rxb5 Kf7 40. Rxf5 Kg6
41. Rd5 Rc4 42. Rd6 Ra4 43. Ng1 Kf5 44. Rd5+ Ke6 45. Rd1 Be7 46. Rc1 Kf5 47. Rc7
Bd6 48. Rc2 Bxf4+ 49. Kf2 Ra3 50. Re2 Rb3 51. Kf1 Be3 52. Rc2 Rb1+ 0-1

[Event "AUTO-MASTER-2942"]
[Site "http://www.queenalice.com/game.php?id=1606588"]
[Date "2020.4.8"]
[Round "1"]
[White "dyingstar"]
[Black "victorbush2"]
[Result "1-0"]
[WhiteElo "2140"]
[BlackElo "1955"]

1. c4 e5 2. g3 Bc5 3. Bg2 Nf6 4. Nc3 O-O 5. Nf3 Nc6 6. O-O Re8 7. d3 h6 8. a3 a6
9. b4 Ba7 10. Bb2 d6 11. Rc1 Rb8 12. e3 Be6 13. Re1 b5 14. cxb5 axb5 15. Nxb5
Rxb5 16. Rxc6 Bd5 17. Ra6 Bb6 18. Qa4 Qd7 19. Rc1 e4 20. Nd4 Bxd4 21. Bxd4 exd3
22. Bxf6 Bxg2 23. Kxg2 gxf6 24. Rxc7 Qxc7 25. Qxb5 Qc2 26. Qxe8+ Kg7 27. Ra8 Kg6
28. g4 f5 29. Qg8+ Kf6 30. Qh8+ 1-0

[Event "AUTO-MASTER-2942"]
[Site "http://www.queenalice.com/game.php?id=1606601"]
[Date "2020.4.8"]
[Round "1"]
[White "dyingstar"]
[Black "punk"]
[Result "0-1"]
[WhiteElo "2141"]
[BlackElo "2131"]

1. c4 g6 2. g3 Bg7 3. Bg2 c5 4. Nc3 e6 5. d3 a6 6. Nf3 d6 7. O-O Ne7 8. Bg5 O-O
9. Qc1 f6 10. Bd2 Nbc6 0-1

[Event "AUTO-MASTER-2942"]
[Site "http://www.queenalice.com/game.php?id=1606602"]
[Date "2020.4.8"]
[Round "1"]
[White "punk"]
[Black "dyingstar"]
[Result "0-1"]
[WhiteElo "2160"]
[BlackElo "2146"]

1. d4 Nf6 2. c4 g6 3. Nc3 Bg7 4. e4 d6 5. Nf3 O-O 6. Be2 e5 7. O-O Nc6 8. d5 Ne7
9. b4 Nh5 10. Ng5 Nf4 11. Bxf4 exf4 12. Rc1 h6 13. Nf3 g5 14. Nd4 Ng6 15. c5 g4
16. cxd6 cxd6 17. Nf5 f3 18. Nxg7 fxe2 19. Nxe2 Kxg7 20. Qd4+ Ne5 21. f4 gxf3
22. gxf3 Qb6 23. f4 Qxd4+ 24. Nxd4 Ng4 25. Rc7 Nf6 26. Re1 Re8 27. Ne6+ Bxe6 28.
dxe6 Rxe6 29. e5 Nd5 30. Rxb7 Nxf4 31. Re3 dxe5 32. Kf2 Rb6 33. Rg3+ Kf6 34.
Rxb6+ axb6 35. a3 Rc8 36. Rf3 Rc2+ 0-1

[Event "AUTO-MASTER-2942"]
[Site "http://www.queenalice.com/game.php?id=1606603"]
[Date "2020.4.8"]
[Round "1"]
[White "dyingstar"]
[Black "OzzyOzPawn"]
[Result "1-0"]
[WhiteElo "2158"]
[BlackElo "1999"]

1. c4 e5 2. g3 Nf6 3. Bg2 c6 4. d4 e4 5. Nc3 d5 6. cxd5 cxd5 7. Bg5 Be6 8. Nh3
h6 9. Bxf6 Qxf6 10. Nf4 Bb4 11. O-O Bxc3 12. bxc3 g5 13. Qb3 gxf4 14. Qxb7 f3
15. exf3 exf3 16. Qxa8 O-O 17. Bh1 Bh3 18. Rfe1 Nc6 19. Re8 Rxe8 20. Qxe8+ Kg7
21. Qe3 Bg4 22. h3 Bxh3 23. Qxf3 Be6 24. Qxf6+ Kxf6 25. Rb1 a5 26. Rb6 Ne7 27.
Ra6 Kf5 28. Rxa5 Kg4 29. a4 Nc8 30. Bxd5 Bxd5 31. Rxd5 Nb6 32. Rb5 Nxa4 33. Kg2
Nxc3 34. f3# 1-0

[Event "AUTO-MASTER-2942"]
[Site "http://www.queenalice.com/game.php?id=1606604"]
[Date "2020.4.8"]
[Round "1"]
[White "OzzyOzPawn"]
[Black "dyingstar"]
[Result "0-1"]
[WhiteElo "2102"]
[BlackElo "2129"]

1. e4 d6 2. d4 Nf6 3. Nc3 g6 4. Bg5 c6 5. e5 dxe5 6. dxe5 Qxd1+ 7. Rxd1 Ng4 8.
Nf3 Bg7 9. Bf4 Nd7 10. e6 fxe6 11. Bc4 Nb6 12. Bb3 Nd5 13. Nxd5 exd5 14. h3 O-O
15. Bg3 Nh6 16. O-O Bxb2 17. c4 e6 18. Rfe1 Bd7 19. Ne5 Bxe5 20. Bxe5 Nf7 21.
Bb2 b5 22. cxb5 cxb5 23. Rd4 a5 24. a4 b4 25. f4 Rac8 26. g4 Nd6 27. Kg2 Nc4 28.
Ba1 Nb6 29. Kg3 Bxa4 30. Bxa4 Nxa4 31. Rxe6 Rc1 32. Rxd5 Rxa1 33. Rxa5 b3 34.
Rb6 Nxb6 35. Rxa1 b2 0-1

[Event "AUTO-MASTER-2942"]
[Site "http://www.queenalice.com/game.php?id=1630501"]
[Date "2020.10.21"]
[Round "2"]
[White "clovis"]
[Black "dyingstar"]
[Result "0-1"]
[WhiteElo "2003"]
[BlackElo "2171"]

1. e4 d6 2. Nf3 g6 3. Bc4 Bg7 4. Nc3 Nf6 5. O-O O-O 6. d4 Bg4 7. Re1 Nc6 8. Be3
Nxe4 9. Nxe4 d5 10. Bxd5 Qxd5 11. Nc3 Qh5 12. Bf4 Nxd4 13. Re3 Rad8 14. Rd3
Nxf3+ 15. gxf3 Rxd3 16. Qxd3 Bxf3 17. Nd1 e5 18. Bg3 e4 19. Qb3 Qh3 20. Ne3 Bh6
0-1

[Event "AUTO-MASTER-2942"]
[Site "http://www.queenalice.com/game.php?id=1630502"]
[Date "2020.10.21"]
[Round "2"]
[White "dyingstar"]
[Black "clovis"]
[Result "1-0"]
[WhiteElo "2178"]
[BlackElo "2009"]

1. c4 Nf6 2. g3 e6 3. Bg2 d5 4. Nf3 c6 5. O-O Be7 6. b3 O-O 7. Bb2 Nbd7 8. d3
dxc4 9. bxc4 e5 10. Nxe5 Nxe5 11. Bxe5 Ng4 12. Bc3 Bf6 13. d4 c5 14. d5 Bxc3 15.
Nxc3 Bf5 16. e4 Bd7 17. Re1 f5 18. e5 f4 19. e6 fxg3 20. fxg3 1-0

[Event "AUTO-MASTER-2942"]
[Site "http://www.queenalice.com/game.php?id=1630503"]
[Date "2020.10.21"]
[Round "2"]
[White "parapunzi"]
[Black "dyingstar"]
[Result "1-0"]
[WhiteElo "2668"]
[BlackElo "2184"]

1. e4 d6 2. d4 Nf6 3. Nc3 g6 4. Bg5 c6 5. Qd2 Nbd7 6. O-O-O Qa5 7. a3 b5 8. Re1
h6 9. Bh4 g5 10. Bg3 Nh5 11. Nf3 Nxg3 12. hxg3 1-0

[Event "AUTO-MASTER-2942"]
[Site "http://www.queenalice.com/game.php?id=1630504"]
[Date "2020.10.21"]
[Round "2"]
[White "dyingstar"]
[Black "parapunzi"]
[Result "0-1"]
[WhiteElo "2185"]
[BlackElo "2667"]

1. c4 c5 2. g3 d5 3. cxd5 Qxd5 4. Nf3 Nc6 5. Nc3 Qd7 6. Bg2 e5 7. d3 Be7 8. O-O
Nf6 9. Nd2 O-O 10. Nc4 Rd8 11. a3 Qc7 0-1